Research for Effective Social Work Practice (Record no. 5015)

MARC details
005 - DATE AND TIME OF LATEST TRANSACTION
control field 20250625105005.0
020 ## - INTERNATIONAL STANDARD BOOK NUMBER
International Standard Book Number 978-0-07-311226-8
100 ## - MAIN ENTRY--PERSONAL NAME
Author name KRYSIK, J . L .
245 ## - TITLE STATEMENT
Title Research for Effective Social Work Practice
260 ## - PUBLICATION, DISTRIBUTION, ETC.
Place of publication, distribution, etc. New York,
Name of publisher, distributor, etc. McGraw Hill,
Date of publication, distribution, etc. 2007.
300 ## - PHYSICAL DESCRIPTION
Extent xxix. 421p.: ill.; table,
Other physical details glossary & References,
Dimensions 23cm.
700 ## - ADDED ENTRY--PERSONAL NAME
Other authors/Editors FINN, J .
942 ## - ADDED ENTRY ELEMENTS (KOHA)
Source of classification or shelving scheme Dewey Decimal Classification
Koha item type Books

No items available.